¿Globalización o exclusión?

Guardat en:
Dades bibliogràfiques
Autor principal: Novoa Matallana, Carlos Justino, S. J. (autor)
Format: Desconegut
Idioma:anglès
Publicat: Bogotá, Colombia: Pontificia Universidad Javeriana 2007
Edició:1a. edición
Col·lecció:Colección Teología Hoy
Matèries:
Etiquetes: Afegir etiqueta
Sense etiquetes, Sigues el primer a etiquetar aquest registre!

MARC

LEADER 00000 a2200000 4500
003 CL-VaPUC
005 20231031094802.0
008 230405b2007 ||||| |||| 00| 0 eng d
999 |c 439669  |d 439667 
020 |a 978-958-683-987-7 
040 |c Pontificia Universidad Católica de Valparaíso 
082 0 4 |2 21  |a 241 NOV 2007 
100 1 |a Novoa Matallana, Carlos Justino,  |c S. J.  |e autor  |9 881227 
245 1 0 |a ¿Globalización o exclusión? 
250 |a 1a. edición 
260 |a Bogotá, Colombia:  |b Pontificia Universidad Javeriana  |c 2007 
300 |a 388 páginas 
490 0 |a Colección Teología Hoy  |n ; No. 61 
583 |k GC  |c 20230405 
650 1 |a Teología moral  |9 256617 
650 1 |a Filosofía política  |9 881229 
650 1 |a Globalización  |x Aspectos morales  |9 881230 
650 1 0 |a Ética cristiana   |9 308677 
650 1 |a Justicia social  |x Aspectos morales  |9 881231 
942 |2 ddc  |c BK 
952 |0 0  |1 0  |2 ddc  |4 0  |6 241_000000000000000_NOV_2007  |7 0  |8 A  |9 589446  |a BIBTEO  |b BIBTEO  |c GEN  |d 2023-04-05  |e 178  |g 13495.96  |i 5656966  |o 241 NOV 2007  |p 5656966  |r 2025-01-17  |t 1  |v 13495.96  |w 2023-04-05  |y BK  |k ICR